00876nam a2200277Ia 450000500170000000800370001702000180005404100080007208200160008010000320009624500660012825000180019430000250021250000420023750400240027960000630030365000210036665000340038794200120042126400270043333600270046033700330048733800280052004000350054899900150058320220317001757.0170328s2013 s g 000 0 s a9788420674483 aspa04a340.1bV24h1 aVelasco Arroyo, Juan Carlos10aHabermasbel uso público de la razóncJuan Carlos Velasco a1a. edición a317 páginasc20 cm aIncluye datos biográficos del autor aIncluye biografía14aHabermas, Jurgend1929-xCritica e interpretación990565142LEMBaDemocracia142LEMBaFilosofía del derecho 2ddccBK aMadridbAlianzacc2013 atextobtxt2rdacontent asin mediaciónbn2rdamedia avolumenbnc2rdacarrier aCO-BoRNBPbspaerdacCO-BoRNBP c8059d8059